| 000 | 00780cam a2200229 4500 | ||
|---|---|---|---|
| 001 | WB3714-30 | ||
| 008 | 000000n2001 000 0 eng u | ||
| 035 | _a(Sirsi) u111780 | ||
| 245 | _aScots fear for social housing | ||
| 260 | _c2001 | ||
| 490 |
_aBuilding _v266(8178) 30 March 2001, 14(1) |
||
| 520 | _aScottish housebuilders fear that their affordable housing business will be hit if, as expected, it is decided that housing grants for the sector do not comply with European Union rules on state aid. | ||
| 590 | _aWB | ||
| 650 | _aHOUSE BUILDERS | ||
| 650 | _aSCOTLAND | ||
| 650 | _aHOUSING GRANTS | ||
| 650 | _aGRANT FOR RENT AND OWNERSHIP SCHEME | ||
| 650 | _aSTATE AID | ||
| 650 | _aEUROPEAN COMMISSION | ||
| 690 |
_aAffordable housing _96215 |
||
| 942 | _n0 | ||
| 999 |
_c66605 _d66605 |
||